Fermanagh GAA clubs - Statistics

General Stats
  • This quiz has been taken 11 times
  • The average score is 14 of 23
Answer Stats
Answer % Correct
Ederney
90%
Enniskillen
90%
Tempo
90%
Lisnaskea
80%
Belcoo
70%
Derrygonnelly
70%
Derrylin
70%
Erne Gaels
70%
Irvinestown
70%
Kinawley
70%
Brookeborough
60%
Coa
60%
Devenish
60%
Donagh
60%
Aghadrumsee
50%
Belnaleck
50%
Lisbellaw
50%
Maguiresbridge
50%
Newtownbutler
50%
Roslea
50%
Teemore
50%
Knocks
20%
Naomh Aodhan
20%
No matching quizzes found
Score Distribution
Percent of People with Each Score
Percentile by Number Answered
Your Score History
You have not taken this quiz